Technické aspekty sekuritizácie nehnuteľností

Sekuritizácia nehnuteľností. Ekonomické dôvody sekuritizácie z makroekonomického a mikroekonomického hľadiska. Štruktúra jednoduchej sekuritizácie nehnuteľností. Sekuritizácia hypotekárnych úverov. Sekuritizácia operácií sale and lease back. Sekuritizácia operácie spojenej so secured loan.

Gespeichert in:
Bibliographische Detailangaben
1. Verfasser: Napolitano, Barbara
Weitere Verfasser: Vovk, Martin, 1976-
Format: Buchkapitel
Sprache:Slowakisch
Schlagworte:
Tags: Tag hinzufügen
Keine Tags, Fügen Sie das erste Tag hinzu!

MARC

LEADER 00000naa$a2200000$$$4500
001 0084806
005 20240502071948.3
041 0 |a slo 
044 |a SK 
245 1 0 |a Technické aspekty sekuritizácie nehnuteľností  |c Barbara Napolitano, Martin Vovk 
520 |a Sekuritizácia nehnuteľností. Ekonomické dôvody sekuritizácie z makroekonomického a mikroekonomického hľadiska. Štruktúra jednoduchej sekuritizácie nehnuteľností. Sekuritizácia hypotekárnych úverov. Sekuritizácia operácií sale and lease back. Sekuritizácia operácie spojenej so secured loan. 
610 2 0 |a trh kapitálový 
610 2 0 |a trh finančný 
610 2 0 |a investície 
610 2 0 |a investori 
610 2 0 |a nehnuteľnosti 
610 2 0 |a papiere cenné 
610 2 0 |a majetok 
610 2 0 |a úver hypotekárny 
610 2 0 |a banky 
100 1 |a Napolitano, Barbara 
700 1 |a Vovk, Martin, 1976-